000 005990000a22001930004500
090 _aAR
_b02314
245 1 0 _aLista de plantas utilizadas por los indígenas Chami de Risaralda
650 1 4 _aPlantas útiles
_992936
650 1 4 _aEtnobotánica
_992498
650 1 4 _aConocimiento tradicional
_992244
650 1 4 _aIndígenas
_993177
650 1 4 _aChamí
_941458
651 4 _dRisaralda
_pColombia
_992749
041 0 _aEspañol
700 1 _aAristizabal Giraldo, Silvio
_997942
100 1 _aCayón Armella, Edgardo
_914360
942 _cARTICULO
773 1 _tCespedesia
_mEnero-Junio
_q20-113
_d1980
_g9
999 _c13127
_d13127